000 00396pab a2200169 454500
008 180718b1999 xxu||||| |||| 00| 0 eng d
100 _aRao, Usha
245 _aCollege students and their unrest
260 _c1999
300 _ap.7-8
362 _a20 Sep
650 _aStudents
650 _aUniversity students
700 _aHarichandan, D.
773 _aUniversity News
909 _a42484
999 _c42484
_d42484